| 000 | 00590nam a2200193Ia 4500 | ||
|---|---|---|---|
| 003 | GCL | ||
| 008 | 140319s9999 xx 000 0 ara d | ||
| 020 | _a6033909977 | ||
| 040 |
_aGCL / _cGCL |
||
| 082 | 0 | 4 |
_aق _b354.4 _bم ب |
| 100 | 1 | _aمحمد الجوادى | |
| 245 | 1 | 0 |
_aالبنيان الوزارى فى مصر ( 1878 - 1996 ) / _cمحمد الجوادى |
| 250 | _aالاولى | ||
| 260 |
_aالقاهرة : _bدار الشروق ، _c1996 |
||
| 300 |
_a127 ؛ _c23سم |
||
| 650 | 0 | 4 | _aالوزراء - تعيينات |
| 650 | 0 | 4 | _aمصر - حكومات |
| 942 |
_2ddc _cBK |
||
| 999 |
_c49817 _d49817 |
||